Catálogo
Digital

Catálogo
Digital

Introducción a la ingeniería enfoque de resolución de problemas. (Record no. 6590)

MARC details
000 -LEADER
campo de control de longitud fija 00990nam a2200277Ia 4500
000 - LEADER
campo de control de longitud fija nam a22 i 4500
001 - NÚMERO DE CONTROL
campo de control UNACH-8098
007 - CAMPO FIJO DE DESCRIPCIÓN FÍSICA--INFORMACIÓN GENERAL
campo de control de longitud fija ta
008 - DATOS DE LONGITUD FIJA--INFORMACIÓN GENERAL
campo de control de longitud fija 221212s ||||fr|||| 00| | spa d
020 ## - NÚMERO INTERNACIONAL ESTÁNDAR DEL LIBRO
Número Internacional Estándar del Libro 978-6-07-442223-8
041 0# - CÓDIGO DE IDIOMA
Código de lengua del texto/banda sonora o título independiente spa
082 04 - NÚMERO DE LA CLASIFICACIÓN DECIMAL DEWEY
Número de clasificación 519.4
Número de ítem Cálculo numérico - Matemática Aplicada para Ingenieros
100 1# - ENTRADA PRINCIPAL--NOMBRE DE PERSONA
Nombre de persona Hagen, Kirk D.,
Término indicativo de función/relación autor
245 10 - MENCIÓN DEL TÍTULO
Título Introducción a la ingeniería enfoque de resolución de problemas.
264 31 - PRODUCCIÓN, PUBLICACIÓN, DISTRIBUCIÓN, FABRICACIÓN Y COPYRIGHT
Producción, publicación, distribución, fabricación y copyright [Madrid] :
-- España :
Nombre del de productor, editor, distribuidor, fabricante Pearson Educación S.A.,
Fecha de producción, publicación, distribución, fabricación o copyright [Fecha de publicación no identificada]
300 ## - DESCRIPCIÓN FÍSICA
Extensión 366 páginas :
Otras características físicas ilustraciones y tablas
336 ## - TIPO DE CONTENIDO
Término de tipo de contenido texto
Código de tipo de contenido txt
Fuente rdacontent
337 ## - TIPO DE MEDIO
Nombre/término del tipo de medio no mediado
Código del tipo de medio n
Fuente rdamedia
338 ## - TIPO DE SOPORTE
Nombre/término del tipo de soporte volumen
Código del tipo de soporte nc
Fuente rdacarrier
505 0# - NOTA DE CONTENIDO CON FORMATO
Nota de contenido con formato La función del análisis en ingeniería.-- Dimensiones y unidades.
650 14 - PUNTO DE ACCESO ADICIONAL DE MATERIA--TÉRMINO DE MATERIA
Término de materia o nombre geográfico como elemento de entrada METODOLOGIA DE ANALISIS
650 24 - PUNTO DE ACCESO ADICIONAL DE MATERIA--TÉRMINO DE MATERIA
Término de materia o nombre geográfico como elemento de entrada CALCULOS NUMERICOS
653 0# - TÉRMINO DE INDIZACIÓN--NO CONTROLADO
Término no controlado Cálculo numérico - Matemática Aplicada para Ingenieros
942 ## - ELEMENTOS DE ENTRADA SECUNDARIOS (KOHA)
Fuente del sistema de clasificación o colocación Clasificación Decimal Dewey
Tipo de ítem Koha Libros
Suprimir en OPAC No
Holdings
Estado de pérdida Fuente del sistema de clasificación o colocación Estado de daño No para préstamo Biblioteca de origen Biblioteca actual Sección Fecha de adquisición Total de préstamos Signatura topográfica completa Código de barras Visto por última vez Precio de reemplazo Tipo de ítem Koha Fuente de adquisición Copia número
  Clasificación Decimal Dewey     Biblioteca Campus Norte Biblioteca Campus Norte Facultad de Ingeniería - Generalidades 03/12/2025   519.4 HAG L018370 L018370 03/12/2025 03/12/2025 Libros Disposición Transitoria SEGUNDA. Resolución No. 0311-CU-UNACH-SE-ORD-16-09-2024 Ej: 02
  Clasificación Decimal Dewey     Biblioteca Campus Sur Biblioteca Campus Sur Fac. Cs Educación - Ciencias 28/01/2015   519.4 HAG L007840 L007840 15/12/2022 15/12/2022 Libros    

Powered by Koha